[Event "25.Schlosspark-Open"]
[Site "Wiesbaden-Biebrich"]
[Date "2013.08.24"]
[Round "5.82"]
[White "Breitbach, Stephan"]
[Black "Busch, Günther"]
[Result "1/2-1/2"]
[WhiteElo "1741"]
[BlackElo "1297"]
[PlyCount "120"]
[EventDate "2013.??.??"]
[WhiteTeam "SC 1961 König Nied"]
[BlackTeam "FC 1934 Wiesbaden-Bierstadt"]

1. e4 c5 2. Nc3 a6 3. f4 g6 4. Nf3 Bg7 5. Bc4 e6 6. e5 Ne7 7. O-O Nbc6 8. Ne4
O-O 9. Kh1 b5 10. Be2 Qb6 11. Qe1 Nf5 12. Nh4 Ncd4 13. Bd1 Bb7 14. Nf6+ Bxf6
15. exf6 Qd8 16. c3 Nc6 17. Nxf5 exf5 18. Qh4 Na5 19. b3 Rc8 20. b4 Nc4 21.
bxc5 Re8 22. d3 Ne3 23. Bxe3 Rxe3 24. Bf3 Bxf3 25. gxf3 Re6 26. a4 Qxf6 27.
Qxf6 Rxf6 28. d4 d6 29. axb5 axb5 30. Ra6 Kg7 31. Rxd6 Rxd6 32. cxd6 Rc6 33.
Rb1 Rxd6 34. Rxb5 Kf6 35. Re5 Rc6 36. Re3 h6 37. Kg1 Ra6 38. Kf2 Ra2+ 39. Re2
Ra3 40. Rc2 Ke6 41. c4 Kd6 42. c5+ Kd5 43. c6 Ra8 44. c7 Rc8 45. Ke3 Re8+ 46.
Kd3 Rc8 47. Rc5+ Kd6 48. Kc4 Rxc7 49. Rxc7 Kxc7 50. Kd5 Kd7 51. Ke5 Ke7 52. h4
f6+ 53. Kd5 Kd7 54. Kc5 Kc7 55. d5 g5 56. fxg5 fxg5 57. hxg5 hxg5 58. d6+ Kd7
59. Kd5 f4 60. Ke5 g4 1/2-1/2

[Event "25.Schlosspark-Open"]
[Site "Wiesbaden-Biebrich"]
[Date "2013.08.24"]
[Round "5.83"]
[White "Lorenz, Hermann"]
[Black "Gießelbach, Christian"]
[Result "0-1"]
[WhiteElo "1673"]
[BlackElo "1061"]
[PlyCount "59"]
[EventDate "2013.??.??"]
[WhiteTeam "Sfr.Mainz 1928"]
[BlackTeam "SAbt TuS Dotzheim"]

1. c4 c5 2. g3 Nf6 3. Bg2 g6 4. Nc3 Bg7 5. Nf3 Nc6 6. O-O O-O 7. Rb1 d6 8. a3
Bf5 9. d3 Qd7 10. Re1 Rad8 11. Qc2 Rfe8 12. b4 Nd4 13. Nxd4 cxd4 14. Nb5 e5 15.
Nxa7 e4 16. Bb2 exd3 17. exd3 Ng4 18. Nb5 b6 19. Bxd4 Rc8 20. Bxg7 Kxg7 21. Nd4
Rxe1+ 22. Rxe1 Ne5 23. Nxf5+ Qxf5 24. Re4 d5 25. Rf4 Qxd3 26. Qxd3 Nxd3 27. Rd4
dxc4 28. Rd7 c3 29. Bd5 Ne5 30. Rb7 0-1

[Event "25.Schlosspark-Open"]
[Site "Wiesbaden-Biebrich"]
[Date "2013.08.24"]
[Round "5.84"]
[White "Kiechl, Stefan"]
[Black "Knödler, Marcel"]
[Result "1-0"]
[WhiteElo "1876"]
[BlackElo "929"]
[PlyCount "69"]
[EventDate "2013.??.??"]
[WhiteTeam "SK Kriegshaber"]
[BlackTeam "FC 1934 Wiesbaden-Bierstadt"]

1. Nf3 e6 2. b3 b6 3. g3 Bb7 4. Bg2 Nf6 5. O-O g6 6. Bb2 Bg7 7. c4 c5 8. d3 O-O
9. Nc3 a6 10. Qc2 Ra7 11. e3 d6 12. Rfd1 Nbd7 13. a3 Qb8 14. b4 Qa8 15. e4 d5
16. Qe2 dxe4 17. dxe4 Bxe4 18. Nxe4 Nxe4 19. Ng5 Bxb2 20. Bxe4 Qd8 21. Nxf7
Rxf7 22. Qxb2 Qf6 23. Qxf6 Nxf6 24. Bg2 cxb4 25. axb4 Rad7 26. Bh3 Rxd1+ 27.
Rxd1 Re7 28. Rd6 Kf7 29. Rxb6 Rc7 30. Rxa6 Rxc4 31. Bxe6+ Ke7 32. Bxc4 Nd7 33.
Ra7 Kd6 34. Rxd7+ Kxd7 35. b5 1-0

[Event "25.Schlosspark-Open"]
[Site "Wiesbaden-Biebrich"]
[Date "2013.08.24"]
[Round "5.85"]
[White "Braum, Hermann Josef"]
[Black "Günther, Rainer"]
[Result "0-1"]
[WhiteElo "1550"]
[BlackElo "1707"]
[PlyCount "58"]
[EventDate "2013.??.??"]
[WhiteTeam "Vorw.Orient Mainz"]
[BlackTeam "SV Mainz-Mombach"]

1. d4 Nf6 2. Nf3 e6 3. c4 d5 4. Nc3 Be7 5. Bg5 h6 6. Bh4 b6 7. cxd5 exd5 8. e3
c6 9. Bd3 Bg4 10. h3 Be6 11. O-O O-O 12. Re1 Nbd7 13. Ne2 Ne4 14. Bxe7 Qxe7 15.
Bxe4 dxe4 16. Nd2 Bf5 17. Ng3 Bg6 18. Qc2 c5 19. dxc5 Nxc5 20. Rac1 Nd3 21. Re2
Nxc1 22. Qxc1 Rac8 23. Qb1 f5 24. Nb3 Rc7 25. Nf1 Rfc8 26. Kh2 a5 27. a4 Bf7
28. Nfd2 Qb4 29. Qa2 Rd7 0-1

[Event "25.Schlosspark-Open"]
[Site "Wiesbaden-Biebrich"]
[Date "2013.08.24"]
[Round "5.86"]
[White "Troeger, Beate"]
[Black "Wöhl, Torsten"]
[Result "1-0"]
[WhiteElo "1339"]
[BlackElo "1647"]
[PlyCount "59"]
[EventDate "2013.??.??"]
[WhiteTeam "Vorw.Orient Mainz"]
[BlackTeam "SC Groß-Zimmern"]

1. f4 Nf6 2. b3 g6 3. Bb2 Bg7 4. Nf3 e6 5. Nc3 Nd5 6. g3 Nxc3 7. dxc3 c6 8. e3
Qb6 9. Qd2 Na6 10. O-O-O Nc5 11. Bd3 a5 12. Ne5 d6 13. Nc4 Qc7 14. e4 b5 15.
Ne3 b4 16. cxb4 Bxb2+ 17. Kxb2 Nxd3+ 18. Qxd3 axb4 19. Qxd6 Qxd6 20. Rxd6 Bd7
21. Rhd1 Ra7 22. e5 Ke7 23. Ng4 Rha8 24. a4 h5 25. Nf6 Rd8 26. c3 c5 27. c4 Rc7
28. a5 Rb7 29. a6 Ra7 30. Nxd7 1-0

[Event "25.Schlosspark-Open"]
[Site "Wiesbaden-Biebrich"]
[Date "2013.08.24"]
[Round "5.87"]
[White "Happel, Jürgen"]
[Black "Gelfenbaum, Daniel"]
[Result "0-1"]
[WhiteElo "1552"]
[BlackElo "1332"]
[PlyCount "86"]
[EventDate "2013.??.??"]
[WhiteTeam "SV 1920 Hofheim"]
[BlackTeam "SAbt TuS Makkabi Ffm"]

1. d4 d5 2. Bf4 Nf6 3. h3 e6 4. e3 Be7 5. Nf3 O-O 6. Be2 Nbd7 7. O-O b6 8. Nbd2
Bb7 9. a4 a5 10. c3 c5 11. Qc2 Ba6 12. Bxa6 Rxa6 13. Ne5 Nxe5 14. Bxe5 Qd7 15.
dxc5 bxc5 16. Nf3 h6 17. Rfd1 Rd8 18. c4 Qb7 19. cxd5 exd5 20. Qe2 Rb6 21. Rdb1
Ne4 22. Qc2 f6 23. Bh2 Bd6 24. Bxd6 Rdxd6 25. Nd2 Nxd2 26. Qxd2 Rb4 27. Qc2
Rdb6 28. Ra2 Qc6 29. f3 c4 30. Kf2 Rb3 31. Ra3 Qb7 32. Rxb3 Rxb3 33. e4 c3 34.
Kg3 Rxb2 35. Qxc3 Rxb1 36. exd5 Qb8+ 37. Kg4 Rb4+ 38. Kf5 Qe5+ 39. Qxe5 fxe5
40. Ke6 Rxa4 41. Ke7 Rd4 42. d6 a4 43. d7 a3 0-1

[Event "25.Schlosspark-Open"]
[Site "Wiesbaden-Biebrich"]
[Date "2013.08.24"]
[Round "5.88"]
[White "Michel, Carsten"]
[Black "Viol, Lucius"]
[Result "1/2-1/2"]
[WhiteElo "1147"]
[BlackElo "957"]
[PlyCount "98"]
[EventDate "2013.??.??"]
[WhiteTeam "SC Flörsheim 1921"]
[BlackTeam "FC 1934 Wiesbaden-Bierstadt"]

1. d4 d5 2. c4 dxc4 3. e4 Nc6 4. Be3 Nf6 5. f3 e6 6. Bxc4 Qe7 7. Nc3 Bd7 8.
Nge2 Rd8 9. Qd2 h6 10. Nb5 Bc8 11. O-O Qd7 12. Rfd1 Bb4 13. Nbc3 O-O 14. Bd3 a6
15. e5 Nd5 16. a3 Bxc3 17. Nxc3 Nxe3 18. Qxe3 Nxd4 19. Qe4 g6 20. Bc2 c5 21.
Kh1 Qc6 22. Rac1 Nxc2 23. Qxc2 Rxd1+ 24. Rxd1 b5 25. Ne4 c4 26. Rd6 Qc7 27.
Nf6+ Kg7 28. h4 Rd8 29. Rxd8 Qxd8 30. h5 Qd3 31. Qxd3 cxd3 32. Ne4 gxh5 33. Kg1
Bb7 34. Nd2 f6 35. exf6+ Kxf6 36. Kf2 Bd5 37. Ke3 Bc4 38. b3 Bd5 39. Kxd3 Ke5
40. Ke3 Bc6 41. b4 h4 42. Nb3 Kd5 43. Kd3 Be8 44. Nc5 Bg6+ 45. Kc3 e5 46. Kd2
e4 47. f4 Kd4 48. Ne6+ Kd5 49. Nc7+ Kd4 1/2-1/2

[Event "25.Schlosspark-Open"]
[Site "Wiesbaden-Biebrich"]
[Date "2013.08.24"]
[Round "5.90"]
[White "Viol, Julius"]
[Black "Meier, Alexander"]
[Result "0-1"]
[WhiteElo "1201"]
[BlackElo "1390"]
[PlyCount "110"]
[EventDate "2013.??.??"]
[WhiteTeam "FC 1934 Wiesbaden-Bierstadt"]
[BlackTeam "FC 1934 Wiesbaden-Bierstadt"]

1. d4 d5 2. c4 e6 3. cxd5 exd5 4. Nf3 c6 5. Bf4 Qb6 6. Qb3 Nf6 7. Qxb6 axb6 8.
g3 Bb4+ 9. Bd2 Bd6 10. Bg2 Bf5 11. O-O O-O 12. Nc3 b5 13. a3 Re8 14. Rfe1 Nbd7
15. b4 Nb6 16. Ra2 Nc4 17. Rea1 Ne4 18. Nxe4 dxe4 19. Ng5 h6 20. Nh3 Nxd2 21.
Rxd2 Bxb4 22. Rda2 Bc3 23. Rd1 Be6 24. Rc2 Bb3 25. Rxc3 Bxd1 26. e3 Bf3 27.
Bxf3 exf3 28. Kf1 g5 29. g4 Ra4 30. Ng1 Rea8 31. Nxf3 Rxa3 32. Rxa3 Rxa3 33.
Ke2 Ra2+ 34. Ke1 b4 35. Nd2 b6 36. e4 f6 37. d5 c5 38. Kd1 Kf7 39. Nc4 Ke7 40.
Nxb6 b3 41. Nc4 Rxf2 42. Kc1 Rc2+ 43. Kb1 Rxc4 44. Kb2 Rxe4 45. Kxb3 Rxg4 46.
Kc3 Kd6 47. Kd3 Kxd5 48. h3 Rg3+ 49. Kc2 Rxh3 50. Kb2 g4 51. Kc2 g3 52. Kd2 g2
53. Ke2 g1=Q 54. Kd2 Qf2+ 55. Kd1 Rh1# 0-1

[Event "25.Schlosspark-Open"]
[Site "Wiesbaden-Biebrich"]
[Date "2013.08.24"]
[Round "5.91"]
[White "Gerlach, Manuel"]
[Black "Jakesevic, Ivan"]
[Result "1-0"]
[WhiteElo "1260"]
[BlackElo "1007"]
[PlyCount "52"]
[EventDate "2013.??.??"]
[WhiteTeam "SV Oberursel"]
[BlackTeam "FC 1934 Wiesbaden-Bierstadt"]

1. d4 d6 2. Nf3 e6 3. e4 a6 4. Nc3 b6 5. b4 Bb7 6. Bf4 Nd7 7. Bc4 b5 8. Bd3 g6
9. O-O Bg7 10. a4 bxa4 11. Rxa4 Ne7 12. Bc4 Nb6 13. Qe2 Nxa4 14. Nxa4 O-O 15.
Nc3 Nc6 16. Qd2 Nxb4 17. Na4 Nc6 18. Bh6 Ne7 19. Bxg7 Kxg7 20. d5 e5 21. Rb1
Rb8 22. Qc1 Qd7 23. Nc3 Nc8 24. Bxa6 Nb6 25. Bb5 Qd8 26. Nd1 Ra8 {Rest nicht
nachvollziehbar!} 1-0